[Event "Queen City Open"]
[Site "?"]
[Date "1972.04.01"]
[Round "1"]
[White "Bailey, B."]
[Black "Christensen, D."]
[Result "1-0"]
[WhiteElo "1968"]
[BlackElo "1661"]
[Annotator "Stockfish 12 (15s)"]
[PlyCount "61"]
[EventDate "1972.??.??"]

{B44: Sicilian: Taimanov: 5 Nb5} 1. e4 c5 2. Nf3 Nc6 3. d4 cxd4 4. Nxd4 e6 5.
a3 Nge7 6. Nc3 g6 7. Be3 Bg7 8. Be2 O-O 9. Qd2 Re8 $146 (9... a6 10. f4 (10.
O-O d5 11. exd5 Nxd5 12. Nxd5 exd5 13. c3 Be6 14. Bh6 Bxh6 15. Qxh6 Nxd4 16.
cxd4 Rc8 17. Qd2 Qb6 18. Rac1 Kg7 19. b4 Qd6 20. Rc5 Qd7 21. Rfc1 h6 22. Qb2 b5
23. R1c3 Qd6 24. Qc1 Rxc5 {
Weber,S (1703)-Trautwein,H (1615) Grieskirchen 1998 1-0 (57)}) 10... d5 11. e5
Nxd4 12. Bxd4 Nf5 13. O-O Re8 14. Rae1 Bf8 15. Bf2 b5 16. Bd3 Ng7 17. Ne2 Bb7
18. Nd4 Qc7 19. Re3 Bc5 20. Rh3 Qb6 21. c3 Rac8 22. Qe2 Nf5 23. Bxf5 exf5 24.
b4 {Oztay,O-Ceylan,M Kusadasi 2004 1-0 (79)}) (9... d5 10. Nxc6 bxc6 11. O-O-O
$11) 10. h4 f5 $4 (10... d5 $142 $16) 11. h5 $18 Nxd4 $4 (11... fxe4 12. hxg6
Nxg6 $18) 12. Bxd4 Bxd4 (12... e5 13. Bc5 d5 14. hxg6 Nxg6 15. Nxd5 $18) 13.
Qxd4 Nc6 (13... Rf8 14. O-O-O Nc6 15. Qd2 $18) 14. Qd2 Qf6 (14... g5 15. exf5
d5 $18) 15. hxg6 hxg6 16. O-O-O Ne5 (16... f4 17. Rh6 $18) 17. Nb5 (17. exf5 $5
d5 18. f4 Nf7 19. fxg6 Qxg6 $18) 17... Re7 (17... fxe4 18. Nc7 Rf8 19. Nxa8 $18
) 18. Nd6 Nf7 (18... f4 19. Qc3 $18) 19. Nxf7 (19. exf5 $142 Nxd6 20. Qxd6 gxf5
$18) 19... Rxf7 20. Rh6 (20. exf5 $142 Qxf5 21. Rh4 $18) 20... Rg7 (20... fxe4
21. Rdh1 b6 22. Rh8+ Qxh8 23. Rxh8+ Kxh8 24. Qh6+ Kg8 25. Qxg6+ Rg7 26. Qxe4
Rb8 $18) 21. exf5 Qxf5 22. Rdh1 Kf7 23. R1h3 (23. Rh8 $142 b5 24. Rxc8 Rxc8 25.
Qxd7+ Kf6 26. Qxc8 Qd5 $18) 23... Ke7 24. Bd3 Qd5 (24... Qe5 25. Bxg6 Qf6 26.
Be4 $18) 25. Bxg6 (25. Qf4 $142 g5 26. Qf6+ Kd6 27. Qxg7 $18) 25... Qxg2 (25...
Qxd2+ 26. Kxd2 b5 $18) 26. Qb4+ d6 27. Qh4+ Kd7 28. Qa4+ (28. Qf6 Qf1+ 29. Kd2
Rxg6 30. Rh7+ Kc6 31. Qc3+ Kb6 32. Qd4+ Ka5 33. Qb4+ Ka6 34. Qa4+ Kb6 35. Rb3+
Kc5 36. Rc7+ Kd5 37. Rd3+ Ke5 38. Qd4+ Kf5 39. Rf3+ Kg5 40. Qf4+ Kh5 41. Rh7+
Rh6 42. Rxh6#) 28... Ke7 (28... Kc7 29. Rc3+ Kb8 $18) 29. Qe8+ Kf6 30. Be4+ (
30. Qf8+ Rf7 31. Qxf7+ Ke5 32. R6h5+ Kd4 33. R3h4+ Qg4 34. Rxg4#) 30... Ke5 31.
Bxg2 (31. Bxg2 d5 32. Qf8 Rf7 33. R6h5+ Rf5 34. Re3+ Kf4 35. Rh4+ Kg5 36. Qh6#)
1-0

[Event "Queen City Open"]
[Site "?"]
[Date "1972.04.01"]
[Round "2"]
[White "Hill, A."]
[Black "Bailey, B."]
[Result "1-0"]
[WhiteElo "2188"]
[BlackElo "1968"]
[Annotator "Stockfish 12 (15s)"]
[PlyCount "97"]
[EventDate "1972.??.??"]

{C97: Closed Ruy Lopez: Chigorin Defence: 11 d4 Qc7, sidelines} 1. e4 e5 2. Nf3
Nc6 3. Bb5 a6 4. Ba4 Nf6 5. O-O Be7 6. Re1 b5 7. Bb3 d6 8. c3 O-O 9. h3 Na5 10.
Bc2 c5 11. d4 Qc7 12. Nbd2 Re8 13. Nf1 Nc6 {Black plans b4} (13... Bb7 14. d5
Bc8 15. b3 Bd7 16. Ne3 g6 17. c4 Rab8 18. Bd2 Nh5 19. Kh2 Rf8 20. Rg1 Nf4 21.
h4 Kh8 22. g3 Nh5 23. Bc3 b4 24. Bb2 Nb7 25. Ne1 Ng7 26. N3g2 f5 27. f4 Rf7 28.
exf5 {Gomez Baillo,J (2435)-Nogueira,N (2385) Novi Sad 1990 1/2-1/2 (42)}) 14.
b3 $146 (14. d5 Nb8 15. a4 Bb7 (15... Qb6 16. b3 Nbd7 17. Bd3 c4 18. bxc4 bxa4
19. Rxa4 Nc5 20. Rb4 Qc7 21. Bc2 a5 22. Rb1 Ba6 23. N3d2 Nfd7 24. Qg4 Nb6 25.
Ne3 Bf8 26. f4 exf4 27. Nf5 Bc8 28. Nf3 Nxc4 29. Qxf4 Bxf5 30. Qxf5 {
Rudolf,H (2322)-Hesse,J (2136) Travemuende 2004 0-1 (55)}) 16. b4 c4 17. g4 h6
18. Ng3 Nbd7 19. Nf5 Nf8 20. Nxe5 {
1-0 (20) Geller,J (2480)-Ledfuss,G Dresden 2006}) (14. dxe5 dxe5 15. Bg5 Be6
16. Bxf6 Bxf6 17. Ne3 Ne7 18. Qe2 g6 19. a4 b4 20. a5 b3 21. Bd3 Nc6 22. Bxa6
Nxa5 23. Qb5 Reb8 24. Qxa5 Rb6 25. Nd5 Bxd5 26. exd5 Qd6 27. Bc4 Rxa5 28. Rxa5
Bd8 {Krishna,C (2196)-Ram,M (2000) Chennai 2004 1/2-1/2 (42)}) (14. d5 Na5 15.
b3 $16) 14... b4 $2 (14... cxd4 15. cxd4 Bd7 16. Bb2 $14) 15. dxe5 $4 (15. d5
$142 Na7 16. a4 $18) 15... dxe5 $11 16. cxb4 cxb4 (16... Nxb4 17. Ne3 $11) 17.
Bb2 (17. Bd3 Bb7 $16) 17... Bc5 18. Ne3 (18. Rc1 Be6 $14) 18... Qa7 (18... Bb7
19. Nd5 Qd6 20. Qe2 $14) 19. Qe2 (19. Rc1 Bb7 20. Bd3 h6 $16) 19... Bxe3 (19...
a5 20. Bd3 a4 21. bxa4 $16) 20. Qxe3 $16 (20. fxe3 $143 a5 $11) 20... Qxe3 21.
Rxe3 (21. fxe3 $143 Bb7 $11) 21... Nd7 22. Rd1 (22. Bd3 $5 $16) 22... f6 $14
23. Rd6 (23. Ree1 Rd8 $11) 23... Ndb8 (23... Na7 $5 $11) 24. Red3 $14 Ra7 (
24... Be6 25. Rd2 $16) 25. Nd2 (25. Bc1 Rd7 $16) 25... Rd7 (25... Be6 26. Nc4
Rd7 27. Rxd7 Nxd7 28. Rd6 $11) 26. Nc4 $14 Red8 (26... Rxd6 27. Nxd6 Rd8 28.
Nxc8 Rxc8 29. Rd5 $14) 27. Rxd7 $16 Bxd7 (27... Rxd7 28. Nb6 Rxd3 29. Bxd3 Bb7
$16) 28. Nb6 (28. f4 $142 $5 exf4 29. e5 $16) 28... Be6 $14 29. Rxd8+ Nxd8 30.
Bd3 (30. Nd5 a5 $14) 30... Kf7 (30... Nb7 31. f3 $11) 31. Nd5 (31. Bc1 Nb7 $11)
31... Bxd5 32. exd5 h6 (32... Nb7 $5 $11) 33. a3 $14 a5 34. axb4 axb4 35. Bc1 (
35. f4 $142 $5 exf4 36. Bc1 $16) 35... Nb7 $14 36. Bd2 Nc5 $4 (36... Na5 $142
$14) 37. Bc4 $18 Nba6 38. Be3 (38. f4 $142 $18) 38... Ke7 $16 39. f4 Kd6 $2 (
39... exf4 $142 40. Bxf4 g5 $16) 40. fxe5+ $18 fxe5 41. Bd2 Nc7 (41... h5 42.
Kf1 Ne4 $18) 42. Bxb4 Nxd5 (42... Ne8 $18) 43. Bxc5+ Kxc5 (43... Kc6 44. Bxd5+
Kxc5 $18) 44. Bxd5 Kxd5 45. Kf2 Kd4 46. Kf3 (46. Ke2 h5 47. g4 h4 $18) 46...
e4+ $4 (46... Kd3 $142 47. Kf2 Kd2 $11) 47. Ke2 $18 Kc3 48. Ke3 Kxb3 49. Kxe4
1-0

[Event "Queen City Open"]
[Site "?"]
[Date "1972.04.01"]
[Round "3"]
[White "Wesley, L."]
[Black "Bailey, B."]
[Result "1-0"]
[WhiteElo "1716"]
[BlackElo "1968"]
[Annotator "Stockfish 12 (15s)"]
[PlyCount "65"]
[EventDate "1972.??.??"]

{C46: 3 Nc3: Unusual Black 3rd moves} 1. e4 e5 2. Nf3 Nc6 3. d4 exd4 4. Nxd4 g6
5. Nc3 Bg7 6. Nf3 (6. Nxc6 bxc6 7. Bd3 (7. Be2 Rb8 8. O-O Ne7 9. Be3 O-O 10.
Bxa7 Rxb2 11. Bd4 Rb8 12. Bxg7 Kxg7 13. Qd4+ f6 14. Rfd1 d6 15. Bc4 Bd7 16. a4
Rb4 17. Qd3 Qa8 18. a5 Qa7 19. Bb3 Ra8 20. Qf3 Rf8 21. h3 Bc8 {
Vombek,D (2275)-Zsinka,L (2360) Austria 1995 1-0 (40)}) 7... Ne7 8. O-O O-O 9.
Bg5 Rb8 10. Rb1 d5 11. Qd2 Be6 12. Bh6 Qd6 13. Bxg7 Kxg7 14. b3 Qb4 15. Rbe1 a5
16. f4 d4 17. Nb1 Qxd2 18. Nxd2 f6 19. f5 Bg8 20. g4 Rbe8 {
Zarnicki,P (2455)-Hsu Li Yang (2455) Buenos Aires 1992 1-0 (50)}) 6... d6 $146
(6... Nf6 7. Bg5 h6 8. Bh4 g5 9. Bg3 Nh5 10. Bb5 Nxg3 11. hxg3 Ne7 12. Qd3 c6
13. Bc4 b5 14. Bb3 a5 15. a3 Ba6 16. Qd6 Nc8 17. Qd2 Qe7 18. O-O-O b4 19. axb4
axb4 20. Na4 Bb5 21. Nd4 {
Kallenberg,E (2200)-Sondergaard,A (2200) Espergarde 1978 0-1 (35)}) 7. Bg5 Nge7
(7... f6 8. Bf4 Be6 $14) 8. Bb5 (8. Nd5 h6 9. Bf6 Kf8 $16) 8... O-O (8... a6 9.
Bxc6+ bxc6 10. Qd2 $11) 9. Nd5 (9. Qd2 $5 $16) 9... f6 $14 10. Be3 (10. Bh4
$142 $14) 10... Ne5 $4 (10... f5 $142 11. Nxe7+ Qxe7 12. exf5 Rxf5 (12... Bxf5
$143 13. O-O $14) 13. Bc4+ Be6 14. Bxe6+ Qxe6 $11) 11. Nxe5 $18 dxe5 12. Bc5
Nxd5 13. Bxf8 (13. Qxd5+ $6 Qxd5 14. exd5 Rd8 $11) 13... Qxf8 (13... Bxf8 14.
Bc4 $18 (14. exd5 $6 Qd6 15. c3 Kg7 $16) (14. Qxd5+ $6 Qxd5 15. exd5 Kg7 $16))
14. Qxd5+ Kh8 15. Be2 c6 16. Qd1 (16. Qa5 $5 f5 17. Rd1 Bf6 $18) 16... Be6 17.
O-O f5 18. f3 (18. Qd3 Qb4 19. c3 Qe7 $18) 18... f4 19. Qd2 Qf6 (19... Qc5+ 20.
Kh1 Bf6 21. Rfd1 $18) 20. Rfd1 Bf8 21. b4 (21. Qc3 $5 Re8 22. a4 h5 $18) 21...
h5 22. Qc3 g5 (22... c5 23. Bc4 cxb4 $18) 23. Bc4 Bc8 24. Rd2 (24. Kh1 $142 $5
g4 25. a4 Kh7 $18) 24... g4 25. Rad1 gxf3 (25... Be7 $18) 26. Rd8 Kh7 (26...
f2+ 27. Kxf2 Kg7 28. Re8 $18) 27. Rxf8 Qxf8 28. Qxe5 Bg4 (28... f2+ 29. Kxf2
Bg4 30. Rd6 $18) 29. gxf3 Re8 30. Qg5 Bxf3 (30... Qh6 31. Qxh6+ Kxh6 32. Rd6+
Kg5 33. fxg4 hxg4 $18) 31. Rd7+ Kh8 (31... Qe7 32. Rxe7+ Rxe7 33. Qxe7+ Kg6 34.
h4 c5 35. Bg8 c4 36. Qg5#) 32. Qg6 Re7 (32... Qg8 33. Bxg8 Re7 34. Rxe7 h4 35.
Rh7#) 33. Rxe7 (33. Rxe7 Qf7 34. Qh6+ Qh7 35. Rxh7#) 1-0

[Event "Queen City Open"]
[Site "?"]
[Date "1972.04.02"]
[Round "4"]
[White "Bailey, B."]
[Black "Stefurak, D."]
[Result "1-0"]
[WhiteElo "1968"]
[BlackElo "1739"]
[Annotator "Stockfish 12 (15s)"]
[PlyCount "187"]
[EventDate "1972.??.??"]

{C78: Ruy Lopez: Archangelsk and Möller Defences} 1. e4 e5 2. Nf3 Nc6 3. Bb5 a6
4. Ba4 Nf6 5. O-O Bc5 6. c3 b5 7. Bc2 Ba7 (7... d5 8. d4 dxe4 9. Nxe5 Nxe5 10.
dxe5 Qxd1 11. Rxd1 Ng4 12. Bxe4 Rb8 13. Bc6+ Ke7 14. Bg5+ Ke6 15. Bh4 Nxe5 16.
Bd5+ Kf5 17. Nd2 Bb7 18. Ne4 Bb6 19. Ng3+ Kg6 20. Bb3 f6 21. Ne2 Rhe8 22. Nf4+
{Shirov,A (2710)-Ivanchuk,V (2740) Monte Carlo 1998 1-0 (57)}) 8. d4 d6 (8...
Qe7 9. a4 d6 10. d5 Nb8 11. Qe2 Bd7 12. axb5 Bxb5 13. c4 Bd7 14. Nc3 O-O 15.
Be3 Bg4 16. h3 Bxf3 17. Qxf3 Bxe3 18. Qxe3 Nbd7 19. b4 Rfb8 20. Rfb1 Nb6 21.
Bd3 Qf8 22. c5 dxc5 23. bxc5 {Kozakov,M (2482)-Barkov,S Alushta 2005 1-0 (68)})
9. h3 $146 (9. dxe5 dxe5 10. Qxd8+ Kxd8 11. Bg5 Ke7 12. Nbd2 h6 13. Bh4 Re8 14.
Rfe1 g5 15. Bg3 Kf8 16. Nf1 Bg4 17. h4 Bxf3 18. gxf3 Nh5 19. hxg5 hxg5 20. Bb3
Rad8 21. Rad1 Rd6 22. Rxd6 cxd6 23. Rd1 Ke7 {
Villar del Llano,M-Alvarez Perez,A Infiesto 1996 1-0 (55)}) 9... O-O 10. Bg5
Bd7 (10... h6 11. Be3 $14) 11. a4 $16 Qe7 $2 (11... Re8 $142 $5 12. Bh4 b4 $14)
12. axb5 $18 axb5 13. d5 Bxf2+ $2 (13... Nd8 14. Be3 c5 $18) 14. Rxf2 (14. Kxf2
$6 Rxa1 15. dxc6 Be6 $18) 14... Rxa1 15. Qf1 (15. dxc6 $142 Bxc6 16. Nh4 $18)
15... Nd8 (15... Na5 $142 16. Nfd2 Nc4 $19) 16. Nh4 (16. Nfd2 $5 h6 17. Bxf6
gxf6 18. Bd3 $17) 16... c6 $19 17. Rxf6 $2 (17. Qc1 Kh8 18. Kh2 cxd5 19. exd5
$17) 17... h6 (17... gxf6 $4 18. Bxf6 Qxf6 19. Qxf6 $18) 18. Ng6 fxg6 19. Rxf8+
Qxf8 20. Qxf8+ Kxf8 21. Bxd8 Ra2 (21... cxd5 $142 22. Kh2 dxe4 23. Bxe4 Bf5 24.
Bxf5 gxf5 $19) 22. dxc6 $11 Bxc6 23. Bd3 Rxb2 24. Ba5 (24. Na3 $5 $11) 24... d5
$17 25. Bb4+ $2 (25. exd5 $142 Bxd5 26. Na3 Rxg2+ 27. Kf1 $17) 25... Kf7 $19
26. exd5 Bxd5 27. Na3 Rxg2+ (27... Bxg2 28. Bxb5 Bxh3 29. Nc4 Rb1+ 30. Kh2 $17)
28. Kf1 Rg3 29. Bxb5 Rxh3 (29... Kf6 30. Nc4 Rxh3 31. Nd2 Rh1+ 32. Ke2 $19) 30.
Nc4 e4 $4 (30... Kf6 $142 31. Nd2 Rh1+ 32. Ke2 h5 $19) 31. Nd6+ (31. Kg2 $142
Rh4 32. Nd6+ Kf6 33. Ne8+ Kf7 34. Nd6+ Kg8 35. c4 $11) 31... Ke6 $19 32. c4 (
32. Kg2 Re3 33. Ne8 $17) 32... Bxc4+ $4 (32... Ba8 $142 33. Ne8 Rb3 $19) 33.
Bxc4+ $18 (33. Nxc4 $4 Rb3 34. Bd7+ Kxd7 $19) 33... Ke5 34. Ne8 (34. Kg2 Rf3
$18) 34... Rh4 (34... Kd4 35. Nd6 $16) 35. Bc3+ $18 Kf4 36. Nxg7 Kf3 37. Kg1 (
37. Bd4 Rh2 38. Bb3 Rd2 $18) 37... Rg4+ (37... e3 $142 38. Bd5+ Ke2 $11) 38.
Kf1 $16 Rh4 39. Bd4 Rh1+ (39... Rh2 $5 40. Bb3 Rd2 $16) 40. Bg1 $18 Rxg1+ 41.
Kxg1 e3 42. Kf1 h5 43. Ne6 h4 44. Be2+ Kg3 45. Ng5 h3 46. Ne4+ Kf4 47. Nc3 Kg3
48. Kg1 h2+ 49. Kh1 g5 50. Bb5 g4 51. Ne2+ Kf3 52. Kxh2 g3+ 53. Kg1 g2 54. Ba6
Ke4 55. Bb5 Kf3 56. Ba6 Ke4 57. Bb7+ Kd3 58. Ng3 e2 59. Ba6+ Kd4 60. Bxe2 Ke5
61. Kxg2 Kd4 62. Kf3 Kd5 63. Ke3 Ke5 64. Bf3 Kd6 65. Kd4 Ke6 66. Bg4+ Kf6 67.
Ne4+ Kf7 68. Ke5 Kg6 69. Ke6 Kg7 70. Bf5 Kf8 71. Nf6 Kg7 72. Ng4 Kf8 73. Bg6
Kg7 74. Kf5 Kf8 75. Kf6 Kg8 76. Nh6+ Kh8 77. Nf7+ Kg8 78. Bf5 Kf8 79. Bh7 Ke8
80. Ne5 Kf8 81. Nd7+ Ke8 82. Ke6 Kd8 83. Kd6 Ke8 84. Bg6+ Kd8 85. Bf7 Kc8 86.
Nc5 Kd8 87. Nb7+ Kc8 88. Kc6 Kb8 89. Kb6 Kc8 90. Be6+ Kb8 91. Nc5 Ka8 92. Bh3
Kb8 93. Na6+ Ka8 94. Bg2# 1-0

[Event "Queen City Open"]
[Site "?"]
[Date "1972.04.02"]
[Round "5"]
[White "Jangord, K."]
[Black "Bailey, B."]
[Result "0-1"]
[WhiteElo "1653"]
[BlackElo "1968"]
[Annotator "Stockfish 12 (20s)"]
[PlyCount "22"]
[EventDate "1972.??.??"]

{C57: Two Knights: Wilkes-Barre/Traxler and 4 Ng5 d5 5 exd5, unusual Black 5th
moves} 1. e4 e5 2. Nf3 Nc6 3. Bc4 Nf6 4. Ng5 Bc5 5. Nxf7 Bxf2+ 6. Kf1 Qe7 7.
Nxh8 d5 8. exd5 Nd4 9. h3 Ne4 (9... Qf8 10. d3 Ng4 11. hxg4 Bg3+ 12. Qf3 Nxf3
13. Ke2 Nd4+ 14. Kd2 Qf2+ {
0-1 (14) Sotnikov,T-Alonso Aranzabal,I (2166) Madrid 2006}) 10. Qh5+ g6 11. Qh6
$146 (11. Qd1 Qf6 12. Be2 Ng3# {0-1 (12) Cierny,L-Pinter,P Topolcianky 1994}) (
11. Nxg6 hxg6 12. Qxg6+ Kd8 13. Qg8+ (13. Qxe4 $4 Qf6 14. Be2 Bh4+ 15. Bf3 Bf5
16. Qxd4 exd4 $19) 13... Qe8 14. Qxe8+ Kxe8 15. Nc3 Ng3+ 16. Kxf2 Nxh1+ 17. Kg1
$18) 11... Qf6 (11... Qf6 12. Bb5+ c6 13. Bxc6+ bxc6 14. Qf8+ Qxf8 15. Nf7 Qxf7
16. g3 Bxg3+ 17. Kg2 Qf2#) 0-1

[Event "County Champions"]
[Site "?"]
[Date "1972.04.15"]
[Round "1"]
[White "Allyn, R."]
[Black "Bailey, B."]
[Result "0-1"]
[WhiteElo "1543"]
[BlackElo "1968"]
[Annotator "Stockfish 13 (15s)"]
[PlyCount "80"]
[EventDate "1972.??.??"]

{C68: Ruy Lopez: Exchange Variation, sidelines} 1. e4 e5 2. Nf3 Nc6 3. Bb5 a6
4. Bxc6 dxc6 5. Nc3 Bg4 6. O-O (6. h3 Bh5 7. g4 Bg6 8. Nxe5 Bb4 9. Nxg6 hxg6
10. d3 Qh4 11. Bf4 Nf6 12. Bg3 Qg5 13. Qf3 Qa5 14. Kd2 O-O-O 15. a3 Bxc3+ 16.
bxc3 Rhe8 17. Rhe1 Rd4 18. e5 Nd5 19. Qxf7 Qxc3+ 20. Ke2 Qxc2+ {
Santana,O (2260)-Toure,A (2205) Manila 1992 1-0 (37)}) 6... Qf6 (6... Nf6 7. h3
Bh5 8. Qe2 Bd6 9. d3 Qd7 10. Bg5 h6 11. Bxf6 gxf6 12. Qe3 O-O-O 13. Ne2 Rdg8
14. Ng3 Bg6 15. Rad1 f5 16. Qa7 Qe6 17. Nh4 fxe4 18. dxe4 Bxe4 19. Rd2 f5 20.
Rfd1 Kd7 21. Rxd6+ {Beltrami,M (1077)-Maguire,J (1560) Canberra 2004 1-0 (45)})
7. d3 Bd6 8. Bg5 $146 (8. Be3 Bxf3 9. Qxf3 Qxf3 10. gxf3 Ne7 11. Ne2 O-O-O 12.
f4 exf4 13. Bxf4 Bxf4 14. Nxf4 f5 15. exf5 Nxf5 16. Rae1 Rhe8 17. Re2 Rxe2 18.
Nxe2 Nd4 19. Nxd4 Rxd4 20. Re1 Kd7 {
1/2-1/2 (20) Simon Piera,R-Pla Pujante,A Spain 2003}) (8. h3 $142 Bxf3 9. Qxf3
Qxf3 10. gxf3 $11) 8... Bxf3 (8... Qg6 $142 9. Be3 O-O-O $17) 9. Bxf6 $14 Bxd1
10. Bxg7 Bxc2 11. Bxh8 f6 12. Rac1 (12. f4 $5 Bxd3 13. Rf3 $14) 12... Bxd3 $11
13. Rfd1 Bc4 14. b3 Be6 15. Rd3 Kf7 16. Rg3 Bf8 17. Ne2 (17. Rxg8 $5 Kxg8 18.
Bxf6 $14) 17... Bh6 $15 18. Rcc3 Ne7 (18... a5 19. h3 $15) 19. Bxf6 $11 Kxf6 (
19... Rd8 $142 $5 20. h4 Kxf6 21. Rcf3+ Bf4 22. Nxf4 exf4 23. Rxf4+ Ke5 $11)
20. Rcf3+ $16 Bf4 21. Nxf4 exf4 22. Rxf4+ Ke5 23. Rh4 Rh8 $4 (23... Bg8 $142
24. Rh5+ Kd4 $16) 24. Rg7 $18 Kf6 (24... Kd6 25. f4 h6 26. f5 Nxf5 27. exf5
Bxf5 28. g4 $18) 25. Rhxh7 Rxh7 26. Rxh7 c5 (26... Bf7 27. g4 Bg6 28. e5+ Ke6
29. Rg7 $18) 27. f4 Bg8 (27... Bf7 28. g4 Kg6 $18) 28. Rh4 (28. e5+ $142 Ke6
29. Rg7 $18) 28... c4 29. Rh3 (29. bxc4 $142 $5 Bxc4 30. a3 Ng6 $18) 29... Ng6
$16 30. Rg3 (30. Rh5 Ke7 31. f5 $11) 30... Nxf4 $11 31. Rxg8 c3 32. Rf8+ Ke5
33. Rf5+ Kxe4 34. Rc5 Kd3 35. Rxc7 c2 36. h4 $4 (36. Kf2 $142 Nd5 37. Rxc2 Kxc2
38. h4 $11) 36... Ne2+ $19 37. Kf2 Nc3 38. Rd7+ Ke4 39. Re7+ Kf5 40. Re1 Nd1+ (
40... Nd1+ 41. Ke2 c1=Q 42. Rxd1 Qb2+ 43. Rd2 Qe5+ 44. Kd3 Kg4 $19) 0-1

[Event "County Champions"]
[Site "?"]
[Date "1972.04.15"]
[Round "2"]
[White "Bailey, B."]
[Black "Davis, R."]
[Result "1-0"]
[WhiteElo "1968"]
[BlackElo "1720"]
[Annotator "Stockfish 13 (15s)"]
[PlyCount "93"]
[EventDate "1972.??.??"]

{C64: Ruy Lopez: Classical Defence (3...Bc5) except 4 0-0 Nf6} 1. e4 e5 2. Nf3
Nc6 3. Bb5 Bc5 4. O-O d6 5. d4 exd4 6. Nxd4 Nge7 7. b3 $146 (7. Bg5 f6 (7...
Bxd4 8. Qxd4 f6 9. Bh4 a6 10. Bxc6+ Nxc6 11. Qe3 O-O 12. Nc3 Be6 13. f4 Qd7 14.
f5 Bc4 15. Rf3 Ne5 16. Rg3 Kh8 17. b3 Bg8 18. Ne2 Rae8 19. Nf4 Re7 20. c4 Qe8
21. Re1 g5 22. fxg6 {Rigo,J (2360)-Dely,P (2445) Budapest 1978 1-0 (41)}) 8.
Be3 Bxd4 9. Bxd4 O-O 10. Nc3 Be6 11. Be3 a6 12. Ba4 Ne5 13. Bb3 Bxb3 14. axb3
Kh8 15. f4 Nf7 16. Rf3 f5 17. Rg3 Qd7 18. Bd4 Rg8 19. Ra5 b6 20. Qh5 Qe6 21.
Rh3 Qg6 {Treybal,K-Cheron,A The Hague 1928 1-0}) (7. Be3 O-O 8. Nc3 (8. Nxc6
bxc6 9. Bxc5 cxb5 10. Be3 c5 11. Nc3 a6 12. Nd5 Bb7 13. Nxe7+ Qxe7 14. f3 f5
15. Bf4 Rad8 16. exf5 Rxf5 17. Bg3 d5 18. Qd2 Rdf8 19. Rfe1 Qf6 20. a4 Bc6 21.
axb5 Bxb5 22. Qe3 Qxb2 {Louis,T (1900)-Rives,S (1460) Creon 2006 1-0 (32)})
8... Bd7 9. Nxc6 bxc6 10. Bxc5 cxb5 11. Bd4 Ng6 12. Qd3 b4 13. Ne2 c5 14. Be3
Qb6 15. c4 Ne5 16. Qc2 f5 17. Rad1 fxe4 18. Qxe4 Bc6 19. Qh4 Qb7 20. Qg3 Nxc4
21. Bg5 Rae8 {Kosanski,S (2340)-Kovacevic,V (2500) Zagreb 1979 0-1 (39)}) (7.
Bg5 O-O 8. Bxc6 Bxd4 (8... bxc6 $4 9. Nxc6 Nxc6 10. Bxd8 Rxd8 11. Nc3 $18) 9.
Bxe7 Qxe7 10. Qxd4 bxc6 $14) 7... O-O (7... Bxd4 $143 8. Qxd4 O-O 9. Qc3 $16)
8. Nxc6 bxc6 9. Bd3 d5 (9... Ng6 10. Nd2 $11) 10. Bb2 Ng6 11. Qf3 (11. Qh5 Re8
12. exd5 Qxd5 13. Qxd5 cxd5 $11) 11... Qg5 12. Nc3 $2 (12. Qg3 Qh6 13. Bc1 Qh5
$11) 12... Bg4 (12... Bd6 $142 $5 13. g3 Bh3 14. exd5 Ne5 $19) 13. Bc1 (13. Qg3
Bd6 14. Bc1 Bxg3 15. Bxg5 Be5 $11) 13... Qh5 $15 (13... Bxf3 $143 14. Bxg5 Bd4
15. gxf3 Bxc3 16. Rad1 $11) 14. Qg3 Bd6 (14... Bd4 $5 15. h3 Bxh3 $15) 15. f4
$11 Bc5+ 16. Kh1 d4 $4 (16... Bd4 $142 17. exd5 cxd5 $11) 17. Na4 $16 Bd6 (
17... Be7 18. h3 Be2 19. Bxe2 Qxe2 20. Qd3 Qxd3 21. cxd3 $16) 18. Bd2 Rae8 (
18... Be2 19. Rf2 Bxd3 20. Qxd3 $16) 19. Nb2 (19. Rae1 c5 $18) 19... Be7 (19...
Be2 $5 20. Rf2 Bxd3 21. Qxd3 c5 $16) 20. h3 $18 Bd7 $4 (20... Be2 21. f5 Bd6
22. Qf2 Bxd3 23. cxd3 $18 (23. Nxd3 $6 Rxe4 24. fxg6 Re2 25. gxf7+ Kh8 26. Qxd4
Rxd2 $14)) 21. Nc4 {White prepares e5} (21. f5 $142 $18) 21... f5 $16 22. e5
Bh4 23. Qf3 Qxf3 24. Rxf3 (24. gxf3 $143 Bg3 25. Bb4 Nxf4 $17) 24... Nh8 $2 (
24... c5 $142 $18) 25. g3 (25. Na5 $5 c5 26. g3 Bd8 $18) 25... Be7 26. Rff1 (
26. Na5 $5 Be6 27. Nxc6 Bc5 $18) 26... Nf7 27. Rae1 (27. Kh2 $142 $18) 27...
Bc5 $2 (27... Nd8 28. Kh2 $16) 28. Kh2 (28. b4 Bb6 $18) 28... g6 $2 (28... Nd8
29. b4 Be7 30. Na5 $18) 29. Na5 (29. b4 $142 $5 Bb6 30. a4 a6 $18) 29... Bb6
30. Re2 (30. a4 Nd8 $18) 30... c5 $2 (30... Nd8 $142 $5 $16) 31. Nc4 $18 Bb5 $4
(31... Re7 $18) 32. a4 Ba6 (32... Bxc4 33. Bxc4 c6 34. a5 $18) 33. a5 Rc8 (
33... Nd8 34. Ra1 Bb7 35. axb6 axb6 36. Ra7 $18) 34. axb6 (34. g4 $142 Nh6 35.
e6 Kg7 $18) 34... cxb6 (34... axb6 35. g4 Nh6 36. e6 $18) 35. Nd6 (35. Ra1 $142
Bxc4 36. Bxc4 $18) 35... Bxd3 36. cxd3 Nxd6 37. exd6 Rf6 (37... Rcd8 38. Re6
Rfe8 39. Re5 $18) 38. d7 (38. Ra1 $142 a5 39. d7 $18) 38... Rff8 (38... Rd8 $18
) 39. dxc8=Q Rxc8 40. Rfe1 Rc7 41. Re7 Rxe7 42. Rxe7 b5 43. g4 fxg4 44. hxg4 h6
(44... Kf8 45. Rxa7 g5 46. f5 h6 47. Ba5 b4 48. Bb6 Kg8 49. Bxc5 h5 50. gxh5 g4
51. f6 g3+ 52. Kxg3 Kh8 53. f7 Kg7 54. f8=Q#) 45. f5 gxf5 (45... Kf8 46. Rxa7
g5 47. Ba5 b4 48. Bb6 Kg8 49. Bxc5 h5 50. gxh5 g4 51. f6 g3+ 52. Kxg3 Kh8 53.
f7 Kg7 54. f8=Q#) 46. gxf5 (46. Bxh6 fxg4 47. Kg3 b4 48. Kxg4 c4 49. Kf5 c3 50.
Kg6 c2 51. Re8#) 46... a5 (46... h5 47. f6 b4 48. Bh6 c4 49. f7+ Kh7 50. f8=Q+
Kg6 51. Qg7+ Kf5 52. Re5#) 47. f6 (47. f6 a4 48. Bxh6 a3 49. f7+ Kh7 50. f8=Q+
Kg6 51. Qg8+ Kf5 52. Qg5#) 1-0

[Event "County Champions"]
[Site "?"]
[Date "1972.04.15"]
[Round "3"]
[White "Murray, M."]
[Black "Bailey, B."]
[Result "1/2-1/2"]
[WhiteElo "2182"]
[BlackElo "1968"]
[Annotator "Stockfish 13 (15s)"]
[PlyCount "24"]
[EventDate "1972.??.??"]

{C54: Giuoco Piano: 4 c3 Nf6, main lines with 5 d4 and 5 d3} 1. e4 e5 2. Nf3
Nc6 3. Bc4 Bc5 4. c3 Nf6 5. d4 exd4 6. cxd4 Bb4+ 7. Bd2 d5 8. exd5 Nxd5 9. Qb3
(9. O-O O-O 10. Nc3 Nf6 11. Bg5 Be7 12. Re1 Bg4 13. Kh1 Bxf3 14. gxf3 Nxd4 15.
Rxe7 Qxe7 16. Qxd4 Rfd8 17. Qh4 h6 18. Bxh6 Nd5 19. Bg5 f6 20. Nxd5 {
1-0 (20) Mueller,M (1595)-Schaper,W (1341) Neumuenster 2004}) 9... Na5 $146 (
9... Qe7+ 10. Kd1 Na5 11. Bxb4 Qxb4 12. Qxb4 Nxb4 13. Re1+ Kf8 14. b3 Bg4 15.
Nbd2 Rd8 16. a3 Nxc4 17. axb4 Nxd2 18. Kxd2 Bxf3 19. gxf3 a6 20. Kd3 f6 21. Re2
Kf7 22. Rae1 Rhe8 23. Rxe8 Rxe8 24. Rxe8 {
Ward,R-Surlan,D London,Canada 1994 0-1 (36)}) 10. Qa4+ Bd7 11. Qc2 Nxc4 12.
Qxc4 Qe7+ 1/2-1/2